<?xml version="1.0" encoding="UTF-8"?>
<record
    xmlns:xsi="http://www.w3.org/2001/XMLSchema-instance"
    xsi:schemaLocation="http://www.loc.gov/MARC21/slim http://www.loc.gov/standards/marcxml/schema/MARC21slim.xsd"
    xmlns="http://www.loc.gov/MARC21/slim">

  <leader>00399nam a22001577a 4500</leader>
  <controlfield tag="005">20240205113612.0</controlfield>
  <controlfield tag="008">240205b        sa ||||| |||| 00| 0 eng d</controlfield>
  <datafield tag="020" ind1=" " ind2=" ">
    <subfield code="a">9781845570682</subfield>
  </datafield>
  <datafield tag="040" ind1=" " ind2=" ">
    <subfield code="c">3228</subfield>
  </datafield>
  <datafield tag="082" ind1=" " ind2=" ">
    <subfield code="a">158 SING</subfield>
  </datafield>
  <datafield tag="100" ind1=" " ind2=" ">
    <subfield code="a">Joginder Singh</subfield>
    <subfield code="9">185831</subfield>
  </datafield>
  <datafield tag="245" ind1=" " ind2=" ">
    <subfield code="a">You too can succeed</subfield>
  </datafield>
  <datafield tag="260" ind1=" " ind2=" ">
    <subfield code="a">South Randall</subfield>
    <subfield code="b">New Dawn Press, Inc</subfield>
    <subfield code="c">2004</subfield>
  </datafield>
  <datafield tag="300" ind1=" " ind2=" ">
    <subfield code="a">207 Pages</subfield>
  </datafield>
  <datafield tag="942" ind1=" " ind2=" ">
    <subfield code="2">ddc</subfield>
    <subfield code="c">BOOK</subfield>
    <subfield code="w">190</subfield>
    <subfield code="x">Dudu Mondlane</subfield>
    <subfield code="y">190</subfield>
    <subfield code="z">Dudu Mondlane</subfield>
  </datafield>
  <datafield tag="999" ind1=" " ind2=" ">
    <subfield code="c">762144</subfield>
    <subfield code="d">762143</subfield>
  </datafield>
  <datafield tag="952" ind1=" " ind2=" ">
    <subfield code="0">0</subfield>
    <subfield code="1">0</subfield>
    <subfield code="2">ddc</subfield>
    <subfield code="4">0</subfield>
    <subfield code="7">0</subfield>
    <subfield code="8">100</subfield>
    <subfield code="a">KANYL</subfield>
    <subfield code="b">KANYL</subfield>
    <subfield code="c">Non_Fiction</subfield>
    <subfield code="d">2024-02-05</subfield>
    <subfield code="l">1</subfield>
    <subfield code="o">158 SING</subfield>
    <subfield code="p">33228023687146</subfield>
    <subfield code="r">2024-11-27</subfield>
    <subfield code="s">2024-08-22</subfield>
    <subfield code="w">2024-02-05</subfield>
    <subfield code="y">BOOK</subfield>
  </datafield>
  <datafield tag="952" ind1=" " ind2=" ">
    <subfield code="0">0</subfield>
    <subfield code="1">0</subfield>
    <subfield code="2">ddc</subfield>
    <subfield code="4">0</subfield>
    <subfield code="7">0</subfield>
    <subfield code="8">100</subfield>
    <subfield code="a">MPSTL</subfield>
    <subfield code="b">MPSTL</subfield>
    <subfield code="c">GEN</subfield>
    <subfield code="d">2026-06-02</subfield>
    <subfield code="f">195</subfield>
    <subfield code="l">0</subfield>
    <subfield code="o">158 SING</subfield>
    <subfield code="p">33228020597272</subfield>
    <subfield code="r">2026-06-02</subfield>
    <subfield code="v">195.00</subfield>
    <subfield code="w">2026-06-02</subfield>
    <subfield code="y">BOOK</subfield>
  </datafield>
</record>
